000
00244nam a22000857a 4500
008
160704b xxu||||| |||| 00| 0 eng d
100
_9
2048
_a
Ali, M, N
245
_a
Inventions that Changed the World
260
_a
New Delhi
_b
National Book Trust
_c
1972
999
_c
1748
_d
1748